Ra's al Ghul - Portrayals by Picture - Statistics

General Stats
  • This quiz has been taken 6 times
  • The average score is 2 of 18
Answer Stats
Picture Answer % Correct
Liam Neeson
100%
Dee Bradley Baker
40%
Alexander Siddig
20%
David Warner
20%
David Warner
20%
Matthew Nable
20%
Cas Anvar
0%
Faran Tahir
0%
Giancarlo Esposito
0%
Jason Isaacs
0%
Josh Pence
0%
Lance Reddick
0%
Navid Negahban
0%
Oded Fehr
0%
Peter Woodward
0%
Sendhil Ramamurthy
0%
Steve Blum / JB Blanc
0%
Terrence C. Carson
0%
No matching quizzes found
Score Distribution
Percent of People with Each Score
Percentile by Number Answered
Your Score History
You have not taken this quiz